| 000 | 00846cam a2200265 a 4500 | ||
|---|---|---|---|
| 001 | 000005473 | ||
| 005 | 20200929151704.0 | ||
| 008 | 900523s1990 sp a 000 0 spa | ||
| 020 | _a8437604990 | ||
| 040 |
_aDO-SdBNP _bspa _dBNPHU |
||
| 082 |
_a862.6 _bO51c, 1990 |
||
| 100 | 1 |
_aOlmo, Lauro, _d1922-1994 _915542 |
|
| 245 | 1 | 3 |
_aLa camisa : _bel cuarto poder / _cLauro Olmo ; edición de Ángel Berenguer. |
| 250 | _a3a ed. | ||
| 260 |
_aMadrid : _bCátedra, _c1990. |
||
| 300 |
_a353 p. : _bil. ; _c18 cm. |
||
| 490 | 1 |
_aLetras hispánicas _v208 |
|
| 650 | 4 |
_aTeatro español _93071 |
|
| 650 | 4 |
_aLiteratura española _9632 |
|
| 600 | 1 | 4 |
_aOLMO, LAURO _d1922-1994 _xCRÍTICA E INTERPRETACIÓN _915543 |
| 700 | 1 |
_aBerenguer, Ángel, _eed. _915544 |
|
| 830 | 0 |
_aLetras hispánicas ; _v208 _94208 |
|
| 910 | _aCatalogación derivada | ||
| 910 | _aWM | ||
| 999 |
_c5272 _d5272 |
||